TV Witches - Statistics

General Stats
  • This quiz has been taken 39 times
    31 since last reset
  • The average score is 15 of 69
Answer Stats
show actor Answer % Correct
Kiernan Shipka Sabrina
84%
Melissa Joan hart Sabrina
84%
Charmed (1998) Holly Marie Combs Piper
58%
Miranda otto Zelda
53%
Beth Broderick Zelda
53%
Selena Gomez Alex
47%
The Vampire Diaries Kat graham Bonnie
47%
Melanie Diaz Mel
47%
Alyssa Milano Phoebe
47%
Shannon Doherty Prue
47%
Alyson Hannigan Willow
47%
chilling adventure of sabrina Lucy Davis Hilda
42%
sabrina the teenage witch Caroline Rhea Hilda
42%
Rose McGowan Paige
42%
Valarie Pettiford Em
37%
Wizards of Waverly Place David henrie Justin
37%
Jake T Austin Max
37%
Buffy the Vampire Slayer Amber Benson Tara
37%
Kaley Cuoco Billie
32%
The Originals Danielle Campbell Davina
32%
Riley Voelkel Freya
32%
Chris Wood Kai
32%
Game of Thrones Carice van Houten Melisandre
32%
Jodi O'Keefe Jo
26%
Tati Gabrielle Prudence
26%
Lana Parilla Regina
26%
Bewitched Elizabeth Montgomery Samantha
26%
Chance perdomo Ambrose
21%
Once Upon a Time Jennifer Morrison Emma
21%
Gavin Leatherwood Nick
21%
Persia White Abby
16%
Elizabth Anne Allen Amy
16%
Bianca Lawson Emily
16%
Penelope Mitchell Liv
16%
Merlin Katie McGrath Morgana
16%
Jennifer Rhodes Penny
16%
Jaz Sinclair Roz
16%
Nick Bakay Salem
16%
Rebecca Mader Zelena
16%
A discovery of witches Teresa Palmer Diana
11%
Richard Coyle Father Blackwood
11%
Daniel Sharman Kol
11%
Chris Brochu Luke
11%
Charmed 2018 Madeleine Mantock Macy
11%
Sarah Jeffrey Maggie
11%
Charisma Carpenter maggie
11%
Jodhi May Maggy
11%
Yusuf Gatewood Vincent
11%
Keegan Connor Tracy Blue
5%
Claudia Black Dahlia
5%
Robia Scott Jenny
5%
Kristin Bauer Van Straten maleficent
5%
Mia Steriou Mirri
5%
Finola Hughes Patty
5%
Supernatural Ruth Connell Rowena
5%
Alex Kingston Sarah
5%
Poppy Drayton Abigail
0%
Grimm Claire Coffey Adalind
0%
Robin Riker Catherine
0%
James Marsters Don
0%
Penny Dreadful Helen McCrory Evelyn
0%
Sheila Hancock Goody
0%
Greg German Hades
0%
True Blood Fiona Shaw Marnie
0%
Emilia Fox Morgause
0%
Atlantis Sarah parish Pasiphae
0%
Owen teale Peter
0%
Maisie Richardson sellers Rebekah
0%
Malin Buksa Satu
0%
No matching quizzes found
Score Distribution
Percent of People with Each Score
Percentile by Number Answered
Your Score History
You have not taken this quiz since the last reset